000 00506nam a2200169 i 4500
001 64426
003 ES-MaACL
005 20230906165127.0
007 t|
008 031224m19101912sp ||||1| gao d
245 0 0 _aFolclore do concelho da Figueira da Foz /
_creunido por M. Cardoso Martha e Augusto Pinto.
260 _aEspozenda :
_bJosé da Silva,
_c1910-1912.
300 _a2 v. ;
_c17 cm.
700 1 _aCardoso Martha, M.
_935206
700 1 _aPinto, Augusto.
_992216
852 _aES-MaACL
_jF-2742-43
999 _c64426
_d64426